000 00540nam a2200193Ia 4500
005 20250923144421.0
008 008 250917s9999 xx 000 0 eng d
037 _aTextual
040 _aDSWL
_beng
_cDSWL
041 _aeng
_2eng
084 _aYX,Z1-z4;5:8.7, N38.1;1
_qDSWL
100 _aAbbot, Grace
_9824703
245 4 _aThe child and the state
_cby Grace Abbot
260 _c1949
300 _a679 p.
490 _v vol.1
942 _cTEXL
_hYX,Z1-z4;5:8.7, N38.1;1
999 _c1438589
_d1438589